| 000 | 01369cab a22002055a 4500 | ||
|---|---|---|---|
| 001 | L154127 | ||
| 008 | 111018e20111015xxk 000 0 eng d | ||
| 035 | _a(Sirsi) u154127 | ||
| 041 | 0 | _aeng | |
| 245 | 0 | 0 | _aSilkstone and another v Tatnall and another |
| 260 | _c2011 | ||
| 490 |
_aEstates Gazette _v(1141) 15 October 2011, 116-123(8) |
||
| 520 | _a[2011] EWCA Civ 801; [2011] 41 EG 116, 14 July 2011. Concerns the lodging of a unilateral notice by S asserting a right of way on T's land. T applied to cancel the notice, and S objected. The matter was referred to an adjudicator. Shortly before the hearing date, S asked for permission to withdraw their case, due to difficulties in getting some evidence, and reserving the right to bring court proceedings on the matter in the future. The adjudicator proceeded with the hearing and found for T. S appealed against the decision. "Held": appeal dismissed. The relevant issue was the merits of the unilateral notice, and one party could not terminate the reference of the matter to an adjudicator to avoid a decision on the merits of the unilateral notice. | ||
| 590 | _aKA | ||
| 650 | 2 | 4 | _aLAND REGISTRATION ACT 2002 |
| 650 | 2 | 4 | _aSILKSTONE V TATNALL |
| 651 | 4 |
_aEngland and Wales _y1543- |
|
| 690 | _aPROPERTY-PROPERTY ACQUISITION AND DISPOSAL-REGISTRATION OF TITLE TO PROPERTY-LAND REGISTRATION | ||
| 942 | _n0 | ||
| 999 |
_c83501 _d83501 |
||